| 000 | 00000nam##2200000za#4500 |
| 001 | 9.570740 |
| 003 | CaOODSP |
| 005 | 20210624182404 |
| 007 | cr ||||||||||| |
| 008 | 150406|2007||||xxc|||||o f|0| 0 eng|d |
| 022 | |a1919-5087 |
| 040 | |aCaOODSP|beng |
| 043 | |an-cn--- |
| 086 | 1 |aFs70-6/2007-019E-PDF |
| 110 | 1 |aCanada. |bDepartment of Fisheries and Oceans. |bPacific Region. |
| 245 | 10|aState of the Pacific Ocean 2006 |h[electronic resource] |
| 260 | |aNanaimo - British Columbia : |bFisheries and Oceans Canada. |cJune 2007. |
| 300 | |a16p.|bcoloured maps, graphs, references, table, photographs |
| 490 | 1 |aCanadian Science Advisory Secretariat science advisory report |x1919-5087|v2007/019, Pacific Region |
| 590 | |a11-20-Supp|b2011-09-29 |
| 775 | 08|tÉtat de l'océan Pacifique 2006 |w(CaOODSP)9.601388 |
| 830 | #0|aScience advisory report (Canadian Science Advisory Secretariat)|x1919-5087|v2007/019, Pacific Region|w(CaOODSP)9.506226 |
| 856 | 40|ahttp://publications.gc.ca|qPDF|s1.02 MB|uhttps://publications.gc.ca/collections/collection_2011/mpo-dfo/Fs70-6-2007-019-eng.pdf|y2007/019, Pacific Region |